| 000 | 00989nam a22002774aa4500 | ||
|---|---|---|---|
| 003 | BOFEUTO | ||
| 005 | 20260512163303.0 | ||
| 008 | 260504t2025 bo gr 000 f spa d | ||
| 040 |
_6BOFEUTO _aBOFEUTO _cBOFEUTO |
||
| 041 | _aspa | ||
| 044 | _abo | ||
| 082 |
_aTE6304 _bM298s |
||
| 100 |
_aMartinez Quenaya, Lizbeth _eautor |
||
| 245 |
_aSeo para el posicionamiento web de Humbok Café Bar. / _cLizbeth Martinez Quenaya, Marcelo Azeñas Gutiérrez |
||
| 260 |
_aOruro : _bs/n, _c2025. |
||
| 300 |
_a91 hojas ; _bgráf, ilus, ; _c28.5 cm. |
||
| 500 | _aIncluye bibliografía, anexos. | ||
| 502 | _aTesis Dirigida, (Licenciatura) -- Universidad Técnica de Oruro, Facultad de Ciencias Económicas, Financieras y Administrativas, Carrera Administración de Empresas, 2025. | ||
| 650 | _aAdministración | ||
| 653 | _aPosicionamiento | ||
| 653 | _aSeo | ||
| 653 | _aNegocios | ||
| 653 | _aMarketing Digital | ||
| 700 |
_aAzeñas Gutiérrez, Marcelo _etutor |
||
| 942 |
_2ddc _cTE _n0 |
||
| 999 |
_c16159 _d16159 |
||